Radiochemistry and nuclear chemistry / (Record no. 607498)
[ view plain ]
| 000 -LEADER | |
|---|---|
| fixed length control field | 01216cam a2200325 a 4500 |
| 001 - CONTROL NUMBER | |
| control field | 4434854 |
| 003 - CONTROL NUMBER IDENTIFIER | |
| control field | NUST |
| 005 - DATE AND TIME OF LATEST TRANSACTION | |
| control field | 20240123143854.0 |
| 008 - FIXED-LENGTH DATA ELEMENTS--GENERAL INFORMATION | |
| fixed length control field | 941019s1995 enkab b 001 0 eng |
| 010 ## - LIBRARY OF CONGRESS CONTROL NUMBER | |
| LC control number | 94040183 |
| 020 ## - INTERNATIONAL STANDARD BOOK NUMBER | |
| International Standard Book Number | 0750623004 |
| 040 ## - CATALOGING SOURCE | |
| Original cataloging agency | DLC |
| Transcribing agency | DLC |
| Modifying agency | DLC |
| 050 00 - LIBRARY OF CONGRESS CALL NUMBER | |
| Classification number | QD601.2 |
| Item number | .C473 1995 |
| 082 00 - DEWEY DECIMAL CLASSIFICATION NUMBER | |
| Classification number | 541.38 |
| Edition number | 20 |
| Author Mark | CHO |
| 100 1# - MAIN ENTRY--PERSONAL NAME | |
| Personal name | Choppin, Gregory R. |
| 245 10 - TITLE STATEMENT | |
| Title | Radiochemistry and nuclear chemistry / |
| Statement of responsibility, etc. | by Gregory R. Choppin, Jan-Olov Liljenzin, and Jan Rydberg. |
| 250 ## - EDITION STATEMENT | |
| Edition statement | 2nd ed. |
| 260 ## - PUBLICATION, DISTRIBUTION, ETC. | |
| Place of publication, distribution, etc. | Oxford ; |
| -- | Boston : |
| Name of publisher, distributor, etc. | Butterworth-Heinemann, |
| Date of publication, distribution, etc. | 1995. |
| 300 ## - PHYSICAL DESCRIPTION | |
| Extent | 707 p. : |
| Other physical details | ill., maps ; |
| Dimensions | 24 cm. |
| 500 ## - GENERAL NOTE | |
| General note | Rev. ed. of: Nuclear chemistry. 1st ed. Oxford ; New York : Pergamon Press, 1980. |
| 504 ## - BIBLIOGRAPHY, ETC. NOTE | |
| Bibliography, etc. note | Includes bibliographical references and indexes. |
| 650 #0 - SUBJECT ADDED ENTRY--TOPICAL TERM | |
| Topical term or geographic name entry element | Radiochemistry. |
| 9 (RLIN) | 120047 |
| 650 #0 - SUBJECT ADDED ENTRY--TOPICAL TERM | |
| Topical term or geographic name entry element | Nuclear chemistry. |
| 9 (RLIN) | 120048 |
| 700 1# - ADDED ENTRY--PERSONAL NAME | |
| Personal name | Liljenzin, Jan-Olov. |
| 9 (RLIN) | 120049 |
| 700 1# - ADDED ENTRY--PERSONAL NAME | |
| Personal name | Rydberg, Jan. |
| 9 (RLIN) | 120050 |
| 700 1# - ADDED ENTRY--PERSONAL NAME | |
| Personal name | Choppin, Gregory R. |
| Title of a work | Nuclear chemistry. |
| 9 (RLIN) | 120051 |
| 906 ## - LOCAL DATA ELEMENT F, LDF (RLIN) | |
| a | 7 |
| b | cbc |
| c | orignew |
| d | 1 |
| e | ocip |
| f | 19 |
| g | y-gencatlg |
| 942 ## - ADDED ENTRY ELEMENTS (KOHA) | |
| Source of classification or shelving scheme | |
| Koha item type | Book |
| Withdrawn status | Lost status | Source of classification or shelving scheme | Damaged status | Not for loan | Permanent Location | Current Location | Date acquired | Source of acquisition | Total Checkouts | Full call number | Barcode | Date last seen | Price effective from | Koha item type |
|---|---|---|---|---|---|---|---|---|---|---|---|---|---|---|
| Central Library (CL) | Central Library (CL) | 01/23/2024 | Donation | 541.38 CHO | CL-D-2577 | 01/23/2024 | 01/23/2024 | Book |
